1575 1040 1318 1198 1073 1315 1862 1528 1522 1137 1310 1381 1349 1558 1533 1937 1336 1557 1183 1331 1526 1175 1448 1742 1804 1879 1009 1414 1378 1121 1564 1018 1033 1555 1331 1473 1531 1244 1352 1950 1866 1270 1087 1234 1656 1377 1412 1120 1972 1663 1560 1159 1785 1070 1389 1293 1848 1129 1248 1401 1718 1124 1173 1576 1921 1447 1375 1572 1009 1296 1663 1654 1153 1445 1145 1306 1624 1994 1676 1942 1809 1076 1995 1343 1291 1403 1229 1464 1840 1784 1755 1849 1520 1175 1412 1792 1505 1404 1516 BCNSPRNW ULIB Ver.6.0+V

เปลี่ยนเป็นภาษาไทย

Change to English
 แสดงรายละเอียดบรรณานุกรม
  กลับหน้าหลัก

Brief Record : Get Marc (ISO 2709) : E-mail record : QR code < ปิดหน้าต่าง
LEADER : 00000nam 2200000uu 4500
001    13399123065
003     ULIB
008    020711s2552 th a 000 0 tha d
060  4 WC534^bก169ค
110    กระทรวงสาธารณสุข.^bกรมควบคุมโรค.
245    คู่มืออาสาสมัครสาธารณสุข เรื่องโรคไข้เลือดออก/^cกรมควบคุมโรค.
260    นนทบุรี :^bกรมควบคุมโรค.,^c2552
300    31 หน้า
650    ไข้เลือดออก^xป้องกัน
945    ^p0^l0^i20263
945    ^p0^l0^i20264
945    ^p0^l0^i20265
945    ^p0^l0^i20266
945    ^p0^l0^i20267
945    ^p0^l0^i20268
945    ^p0^l0^i20269
945    ^p0^l0^i20270
945    ^p0^l0^i20271
945    ^p0^l0^i20272
945    ^p0^l0^i20273
945    ^p0^l0^i20274
945    ^p0^l0^i20275
945    ^p0^l0^i20276
945    ^p0^l0^i20277
945    ^p0^l0^i20278
945    ^p0^l0^i20279
945    ^p0^l0^i20280
999    ^aทศพร เกษรทอง
รายการนี้ยังไม่มีแท็ก
คุณยังไม่ได้ล็อกอิน คุณสามารถมีกิจกรรมร่วมกับเว็บไซต์ได้ แต่ต้องล็อกอินก่อน ::
  ล็อกอิน

รายการสื่อสารสนเทศ

ลำดับที่ ประเภท เลขเรียก/บาร์โค้ด สถานที่ สถานะ
- ไม่พบข้อมูล -

BibComment


ยังไม่เคยถูกคอมเมนท์

คอมเมนท์ทรัพยากรรายการนี้
  คอมเมนท์: คู่มืออาสาสมัครสา..


 Copyright 2026. Bcnsprnw @Library